000 00956nam a2200277 i 4500
003 EG-GICUC
005 20260427114638.0
008 260427s1813 fr ||||fr|||| 00| 0 fre d
040 _aEG-GiCUC
_bfre
_cEG-GiCUC
_dEG-GiCUC
_eRda
082 0 4 _221
_a343.1
_bLO . L
092 0 4 _221
099 _aLaw1 10 343.1 LO . L 1813
100 1 _aLocré,M. Le Baron
_eAuteur
245 _aLa Législation Civile, Commerciale et Criminelle de la France, ou Commentaire et Complément des Codes Français.
_hTome XXIX/
_cM. Le Baron Locré.
264 1 _aParis:
_bTreuttel et Würtz,
_c1813.
300 _a480 page ;
_c 24 cm.
336 _2rda contenu
_a texte
337 _2rda medias
_aOrdinateur
338 _2 transporteur rda
_a Ressource en ligne
546 _aTexte en français
650 1 _aDroit Pénal
650 1 _aDroit Pénal Général
856 4 0 _uhttps://fll.law.cu.edu.eg/fulltext/bks/B10-11547.pdf
905 _a59
942 _2ddc
_n0
_cBK
_e21
999 _c73654
_d73654